The Atom and the Universe

Na minha lista:
Detalhes bibliográficos
Autor principal: Perlman, James. S.
Formato: Livro
Idioma:Undetermined
Publicado em: California Wadsworth Publishing Company, Inc. 1970
Assuntos:
Tags: Adicionar Tag
Sem tags, seja o primeiro a adicionar uma tag!
Thư viện lưu trữ: Trung tâm Học liệu Trường Đại học Cần Thơ
LEADER 00499nam a2200181Ia 4500
001 CTU_81470
008 210402s9999 xx 000 0 und d
082 |a 530 
082 |b P426 
100 |a Perlman, James. S. 
245 4 |a The Atom and the Universe 
245 0 |c James. S. Perlman 
260 |a California 
260 |b Wadsworth Publishing Company, Inc. 
260 |c 1970 
650 |a Astronomy,Physics 
904 |i Trọng Hải 
980 |a Trung tâm Học liệu Trường Đại học Cần Thơ